00554pab a2200181 454500008004000000100001600040245004600056260000900102300001300111362001000124650003800134650002800172773003400200908000600234909001000240999001700250952010500267180718b2007 xxu||||| |||| 00| 0 eng d aOhm, Britta aNarratives of the underbelly of democracy c2007 ap.26-31. a8 Dec aGujarat - Politics and government aPolitics and government aEconomic and Political Weekly aN a76636 c76636d76636 00104070aIIPAbIIPAd2018-07-19hVolume no: 42, Issue no: 49pAR77096r2018-07-19w2018-07-19yAR